000 00467cam a2200169ua 4500
003 OSt
008 240203b |||||||| |||| 00| 0 eng d
041 _aeng
082 _a668.4
_bDHI/PL
100 _aDhingra, K C .
_95800
245 _aPlastic goods manufacturing industries: plastic processing industries /
250 _a23 /
260 _a :
_bSmall industry research institute ,
_c1975.
300 _a287 ; .
700 1 _aGupta, D C .
_95801
942 _cBK
999 _c10024
_d10024